| 000 -ლიდერი |
| ფიქსირებული სიგრძის საკონტროლო ველი |
01518nam a22002537a 4500 |
| 003 - საკონტროლო ნომრის იდენტიფიკატორი |
| საკონტროლო ველი |
Ge_BSU |
| 005 - ბოლო ოპერაციის თარიღი და დრო |
| საკონტროლო ველი |
20191017114817.0 |
| 008 - ფიქსირებული სიგრძის მონაცემთა ელემენტები - ზოგადი ინფორმაცია |
| ფიქსირებული სიგრძის საკონტროლო ველი |
191017s2018 ge ||||| |||| 00| 0 geo d |
| 020 ## - წიგნის საერთაშორისო სტანდარტული ნომერი |
| International Standard Book Number |
9789941958526 |
| 041 ## - ენის კოდი |
| Language code of text/sound track or separate title |
geo |
| 080 ## - უნივერსალური ათობითი კლასიფიკაციის ინდექსი |
| Universal Decimal Classification number |
343(4) ჯ-56 |
| 100 ## - მთავარი ჩანაწერი - პიროვნების სახელი |
| Personal name |
ჯიშკარიანი, ბაჩანა. |
| 9 (RLIN) |
4792 |
| 245 ## - ცნობა სათაურის შესახებ |
| Title |
ევროპული სისხლის სამართალი = Europäisches Strafrecht / |
| Statement of responsibility, etc |
ბაჩანა ჯიშკარიანი ; რედ : გიორგი დგებუაძე ; ყდის დიზაინი : გვანცა მახათაძე . |
| 250 ## - გამოცემის ცნობა |
| Edition statement |
მე-2 გამოცემა. |
| 264 ## - წარმოების, გამოცემის, დისტრიბუციის და სხვა ცნობები |
| გამოცემის, წარმოების, დისტრიბუციის... ადგილი |
თბილისი : |
| გამოცემის, წარმოების, დისტრიბუციის... სახელწოდება |
იურისტების სამყარო, |
| გამოცემის, წარმოების, დისტრიბუციის... თარიღი |
2018. |
| 300 ## - ფიზიკური აღწერა |
| Extent |
298 გვ.: |
| Dimensions |
22 სმ. |
| 504 ## - BIBLIOGRAPHY, ETC. NOTE |
| Bibliography, etc |
ბიბლიოგრ.: გვ. 275-296 და ტექსტის შენიშვნებში. |
| 653 ## - INDEX TERM--UNCONTROLLED |
| Uncontrolled term |
ევროპული სისხლის სამართალი |
| 653 ## - INDEX TERM--UNCONTROLLED |
| Uncontrolled term |
სამართალი |
| 700 ## - ADDED ENTRY--PERSONAL NAME |
| Personal name |
დგებუაძე , გიორგი |
| Relator term |
რედაქტორი |
| 9 (RLIN) |
4793 |
| 700 ## - ADDED ENTRY--PERSONAL NAME |
| Personal name |
მახათაძე , გვანცა |
| Relator term |
ყდის დიზაინი |
| 9 (RLIN) |
4794 |
| 710 ## - ADDED ENTRY--CORPORATE NAME |
| Relator term |
ქართული, გერმანული და საერთაშორისო სისხლის სამართლის ინ-ტის ბიბ-კა. |
| 9 (RLIN) |
4795 |
| 942 ## - ADDED ENTRY ELEMENTS (KOHA) |
| Source of classification or shelving scheme |
|
| Koha item type |
წიგნი |